| 000 | 01025nam a22002534a 4500 | ||
|---|---|---|---|
| 005 | 20090604140623.0 | ||
| 008 | 041130s2005 nyua 000 0 eng | ||
| 010 | _aENG-93868 | ||
| 020 |
_a9788189975951 _c275.00 |
||
| 035 | _aEN-77401 | ||
| 037 | _bDBAD / PUB | ||
| 040 |
_adpl _bEnglish |
||
| 082 | _a306.8743 | ||
| 245 |
_aChicken soup for every mom's soul : _bnew stories of love and inspiration for moms of all ages / _cJack Canfield ... [et al.] |
||
| 260 |
_aNew Delhi _bWestland _c2005 |
||
| 270 |
_aF-5, Okhla Industrial Area, Phase-I, Mezzanine Floor, _bNew Delhi _e110020 |
||
| 300 |
_axvii, 366 p. : _bill. ; _c22 cm(pbk) |
||
| 650 |
_aMothers _vAnecdotes. |
||
| 650 |
_aMotherhood _vAnecdotes. |
||
| 650 |
_aMother and child _vAnecdotes. |
||
| 700 | _aCanfield, Jack, | ||
| 942 |
_2ddc _cEN _h306.8743 _mCHI |
||
| 999 |
_c27223 _d27223 |
||